000 00459nam a2200157 i 4500
001 bg
100 1 _aBUTTLER, Andrzej
245 0 _aAnaliza mobilności pionowej kadr naukowych na podstawie danych z systemu "Magister" :
_bkomunikat z badań /
_cA. Buttler, J. Dąbrowska.
260 _aWarszawa,
_c1979.
700 1 _aDĄBROWSKA, Jadwiga
040 _cBPK
041 _apol
080 _a378.1
942 _cKS
008 s pl f |000 0 pol
999 _c18905
_d18905
856 _uhttp://koha.tu.koszalin.pl/cgi-bin/koha/opac-detail.pl?biblionumber=18905
_yKatalog online BPK